000
00308nam a22001217a 4500
008
180105b xxu||||| |||| 00| 0 eng d
041
_a
eng
080
_a
94
100
_a
16
101
_a
HIS
245
_a
A HISTORY OF THE ENGLISH SPEAKING PEOPLES THE NEW WORLD
_c
CHURCHILL.W..S
942
_2
udc
_c
BK
999
_c
39800
_d
39800